সিয়ারে মুতাখখিরীন / (Record no. 50253)
[ view plain ]
| 000 -LEADER | |
|---|---|
| fixed length control field | 01139nam a2200265 a 4500 |
| 001 - CONTROL NUMBER | |
| control field | 50253 |
| 003 - CONTROL NUMBER IDENTIFIER | |
| rucl marc code | BD-RjUL |
| 005 - DATE AND TIME OF LATEST TRANSACTION | |
| control field | 20211209075500.0 |
| 008 - FIXED-LENGTH DATA ELEMENTS--GENERAL INFORMATION | |
| fixed length control field | 171210s1978 bg b 001 0 ben |
| 020 ## - INTERNATIONAL STANDARD BOOK NUMBER | |
| Terms of availability | : Tk. 40.00 |
| 035 ## - SYSTEM CONTROL NUMBER | |
| System control number | (BD-RjUL)50373 |
| 040 ## - CATALOGING SOURCE | |
| Original cataloging agency | BD-RjUL |
| Transcribing agency | BD-RjUL |
| Modifying agency | BD-RjUL |
| Language of cataloging | ben/eng |
| 041 ## - LANGUAGE CODE | |
| Language code of text/sound track or separate title | ben |
| 082 00 - DEWEY DECIMAL CLASSIFICATION NUMBER | |
| Edition number | 23 |
| Classification number | 954.0258 |
| Author mark and year | TAS 1978 |
| 100 1# - MAIN ENTRY--PERSONAL NAME | |
| Personal name | তাবতাবায়ী, সৈয়দ গোলাম হুসায়ন খান |
| 9 (RLIN) | 219669 |
| 245 10 - TITLE STATEMENT | |
| Title | সিয়ারে মুতাখখিরীন / |
| Statement of responsibility, etc. | সৈয়দ গোলাম হুসায়ন খান তাবতাবায়ী ; এম. আবদুল কাদের অনূদিত |
| 260 ## - PUBLICATION, DISTRIBUTION, ETC. (IMPRINT) | |
| Place of publication, distribution, etc. | ঢাকা: |
| Name of publisher, distributor, etc. | বাংলা একাডেমী, |
| Date of publication, distribution, etc. | ১৯৭৮ |
| 300 ## - PHYSICAL DESCRIPTION | |
| Pagination | [১০], ৫৭৪ পৃ : |
| Size | ২১ সেমি. |
| 490 ## - SERIES STATEMENT | |
| Series statement | বাএ ; |
| Volume/sequential designation | ৯৮২ |
| 650 ## - SUBJECT ADDED ENTRY--TOPICAL TERM | |
| Topical term or geographic name as entry element | ভারত |
| General subdivision | ইতিহাস |
| 9 (RLIN) | 219670 |
| Topical term or geographic name as entry element | India |
| General subdivision | History |
| 9 (RLIN) | 219671 |
| 700 ## - ADDED ENTRY--PERSONAL NAME | |
| Personal name | কাদের, এম. আবদুল, অনুবাদক |
| 830 ## - SERIES ADDED ENTRY--UNIFORM TITLE | |
| Uniform title | বাএ ; |
| Volume number/sequential designation | ৯৮২ |
| 942 ## - ADDED ENTRY ELEMENTS (KOHA) | |
| Source of classification or shelving scheme | Dewey Decimal Classification |
| Koha item type | Rare Books |
| Lost status | Source of classification or shelving scheme | Damaged status | Not for loan | Collection code | Permanent Location | Current Location | Shelving location | Date acquired | Source of acquisition | Cost, normal purchase price | Total Checkouts | Full call number | Date last seen | Copy number | Koha item type |
|---|---|---|---|---|---|---|---|---|---|---|---|---|---|---|---|
| Dewey Decimal Classification | Not For Loan | Rare Books | Central Library, University of Rajshahi | Central Library, University of Rajshahi | Rare Book Section | 19/03/1980 | Niamot Book Store, Rajshahi | 40.00 | BRA 954.0258 TAS 1978 | 11/12/2017 | C-1 | Rare Books |